LIBRARY & INFORMATION CENTRE, KCAET, TAVANUR

ONLINE PUBLIC ACCESS CATALOGUE (OPAC)

Studies on vegetable oils as fuel in CI engines (Record no. 15016)

MARC details
000 -LEADER
fixed length control field 00652nam a22001817a 4500
003 - CONTROL NUMBER IDENTIFIER
control field OSt
088 ## - REPORT NUMBER
Report number P 158
100 ## - MAIN ENTRY--AUTHOR NAME
Personal name GEORGE MATHEW NEERACKAL
-- JOE JOE L. BOVAS
-- SAREENA K. V
245 ## - TITLE STATEMENT
Title Studies on vegetable oils as fuel in CI engines
260 ## - PUBLICATION, DISTRIBUTION, ETC. (IMPRINT)
Place of publication Tavanur 2005
Name of publisher Kelappaji College of Agricultural Engineering and Technology
300 ## - PHYSICAL DESCRIPTION
Number of Pages 68
500 ## - GENERAL NOTE
General note Studies on vegetable oils as fuel in CI engines
520 ## - SUMMARY, ETC.
Summary, etc Studies on vegetable oils as fuel in CI engines
700 ## - ADDED ENTRY--PERSONAL NAME
Personal name Dr. Shaji James P (Guide)
856 ## - ELECTRONIC LOCATION AND ACCESS
Uniform Resource Identifier https://drive.google.com/open?id=1LjVCIeYq6Dvt-Tc-iQnR75nS1pCPARq6
942 ## - ADDED ENTRY ELEMENTS (KOHA)
Koha item type Project Report
Holdings
Collection code Home library Current library Shelving location Full call number Accession Number Koha item type
Reference KAUAET KAUAET Reference 631.3 GEO/ST P 158 Project Report
free website counter